| 000 | 00679cam a2200241 4500500 | ||
|---|---|---|---|
| 005 | 20260329004506.0 | ||
| 041 | _afre | ||
| 042 | _adc | ||
| 100 | 1 | 0 |
_aNathan, Tobie _eauthor |
| 245 | 0 | 0 | _aAlexa. La vengeance d’Héphaïstos |
| 260 | _c2020. | ||
| 500 | _a29 | ||
| 690 | _aAlexa | ||
| 690 | _aAmazon | ||
| 690 | _aHéphaïstos | ||
| 690 | _aIntelligence Artificielle | ||
| 690 | _aMythes | ||
| 690 | _aMythologie | ||
| 690 | _aTobie Nathan | ||
| 690 | _aVoix | ||
| 786 | 0 | _nPhilosophie magazine | 137 | 3 | 2020-03-01 | p. 14-15 | 1951-1787 | |
| 856 | 4 | 1 | _uhttps://shs.cairn.info/magazine-philosophie-magazine-2020-3-page-14?lang=fr&redirect-ssocas=7080 |
| 999 |
_c1834440 _d1834440 |
||